[Event "Cacak"]
[Site "Cacak"]
[Date "1996.??.??"]
[Round "1"]
[White "Hodgson, Julian M"]
[Black "Tiviakov, Sergei"]
[Result "0-1"]
[WhiteElo "2550"]
[BlackElo "2615"]
[Annotator "Ribli,Z"]
[PlyCount "70"]
[EventDate "1996.11.??"]
[EventType "tourn"]
[EventRounds "9"]
[EventCountry "YUG"]
[EventCategory "13"]
[SourceTitle "CBM 057"]
[Source "ChessBase"]
[SourceDate "1997.04.01"]
[SourceVersion "1"]
[SourceVersionDate "1997.04.01"]
[SourceQuality "1"]

1. c4 {King} e5 2. Nc3 Nc6 3. g3 g6 4. Bg2 Bg7 5. Rb1 Nf6 6. b4 O-O {Wir haben
jetzt eigentlich einen "geschlossenen Sizilianer", bloß mit vertauschten
Farben. Weiß hat freie Hand am Damenflügel, Schwarz sucht Initiative eher am
Königsflügel.Ribli.} 7. b5 Ne7 8. Nf3 d6 {Das ist natürlich ein normaler und
guter Zug, aber Schwarz hat die Alternative} (8... d5 $5 9. cxd5 Nexd5 10. Bb2
Re8 $11) 9. O-O a6 (9... Nh5 $5 {Mit späterem f7-f5 ist auch möglich, aber
Tiviakov spielt in klassischem Stil, er beendet zuerst die Entwicklung. Ribli.}
) 10. a4 axb5 11. axb5 {Aufgrund seines 9.Zuges hat Schwarz nun die offene
a-Linie. Ribli.} Be6 12. d3 h6 13. Bb2 Qd7 {King: in english This is a
well-known position, and many players follow exactly the same strategy as
Hodgson now does. However, my personal view is that it is a mistake.} 14. Re1 (
14. Ra1 {Is a reasonable alternative.} Bh3 (14... Rab8 {King} 15. e4 Bh3 16. d4
Bxg2 17. Kxg2 exd4 18. Nxd4 Nc8 {with chances for both sides, Hug-Brunner,
Baden-Baden 1995. White has a pleasant space advantage, but Black has targets:
the c- and e-pawns, and White's king, following the exchange of bishops is a
little draughty.}) 15. Qb3 Rab8 16. Rfc1 Bxg2 17. Kxg2 Qe6 18. Ra3 c6 19. Na4
Nh5 $132 {Nguyen-Nevednichy/Erevan Olm/1996/}) 14... Bh3 15. Bh1 Ng4 {This
knight move pinpoints the shortcomings of White's strategy: the f2 square is
extremely weak. Black's next move is ...f5, with the idea of pushing on again,
or perhaps breaking in the centre with ...e4.   Of course, it is desirable for
White to preserve the light-squared bishop, but not at the cost of putting his
kingside in jeopardy.} 16. d4 $6 {Alles ist Theorie heutzutage ! Bis jetzt
wurden in dieser Stellung 16.Nd2 und 16.Qb3 ausprobiert. Ribli.} (16. Qb3 $5
Kh8 17. Nd5 $5 (17. Ra1 Rab8 18. Nd5 f5 19. Rec1 $6 c5 20. Nd2 h5 $132 {
Alvarez Ibarra-Comes Fabrego/Zaragoza op/1995/}) 17... Nxd5 (17... f5 $5) 18.
cxd5 b6 19. Qc4 f5 20. Rec1 Rab8 21. Ra1 f4 22. Ra7 Rf7 23. Bg2 $1 $14 {
Vaganian,R-Wahls,M/GER-CupT/1992/}) 16... Qe6 $1 {[#] Schwarz strebt eine
Stellung an, in der der Damenflügel geschlossen ist, und er mit f7-f5
gefährliche Initiative am Königsflügel bekommt.Ribli.} (16... Qf5 $6 17. e4 Qh5
18. dxe5 dxe5 19. Nd5 $1 Nxd5 20. exd5 Rfe8 21. Nd2 Bf8 22. Bf3 Bb4 23. Ne4 $1
$16 {Fulgenzi-Fiorito/Buenos Aires/1991/}) 17. d5 (17. Qd3 f5 18. e4 f4) 17...
Qd7 18. Bg2 {Hodgson feels the heat and exchanges off the bishop on h3, but he
has wasted so much time going back and forth that Black's attack is already in
full throttle.} Bxg2 19. Kxg2 f5 20. e4 {[#] Das ist erzwungen. Jetzt haben
wir eine typisch "Königsindische Stellung", aber Weiß hat keinen aktiven Plan,
er kann nur warten. Ribli.} Rf7 21. h3 Nf6 22. Nh2 (22. Nd2 Raf8 23. Re2 h5)
22... Raf8 23. f3 h5 24. Bc1 (24. Rf1 $5) 24... fxe4 25. Nxe4 $8 (25. fxe4 $2
Nfxd5 $1 26. Nxd5 Rf2+ 27. Kg1 Qxh3 $19 (27... Qxh3 {King} 28. Nxe7+ Kh7 $19))
25... Nxe4 26. Rxe4 Nf5 27. Rb3 Nd4 28. Ra3 c6 $1 $17 {Weiß ist in großer Not.
Er hat eine verteidigungsfähige Stellung am Königsflügel, aber sein Gegner hat
auch am Damenflügel Initiative. Ribli.} 29. bxc6 bxc6 30. Bb2 c5 31. Bxd4 $2 {
Guter Rat ist teuer. Vielleicht wäre es besser zu warten, aber Hodgson ist ein
guter taktischer Spieler, der immer auf etwas spielen will.Ribli.} cxd4 32. f4
$2 exf4 $19 33. g4 Be5 34. c5 Qb5 $1 35. Qc2 f3+ {Und Weiß gab auf.} (35... f3+
36. Nxf3 Rxf3 37. Rxf3 Rxf3 38. Kxf3 Qf1+ 39. Qf2 Qd3+ {Schwarz gewinnt. Ribli.
}) 0-1

[Event "Athens Akropolis 15th"]
[Site "Athens"]
[Date "1992.05.16"]
[Round "3"]
[White "Moutousis, Konstantinos"]
[Black "Skembris, Spyridon"]
[Result "1/2-1/2"]
[WhiteElo "2405"]
[BlackElo "2530"]
[Annotator "Ribli,Z"]
[PlyCount "83"]
[EventDate "1992.05.14"]
[EventType "tourn"]
[EventRounds "9"]
[EventCountry "GRE"]
[EventCategory "8"]
[SourceTitle "CBM 030"]
[Source "ChessBase"]
[SourceDate "1992.10.01"]
[SourceVersion "1"]
[SourceVersionDate "1992.10.01"]
[SourceQuality "1"]

1. c4 e5 2. Nc3 Nc6 3. g3 g6 4. Bg2 Bg7 5. Rb1 a5 6. a3 (6. d3 $5 d6 7. e3 f5
8. Nge2 Nf6 9. b3 O-O 10. Bb2 $14 {Gurevich,M-Kamsky,G Reggio Top 16 1991 CBM/
22}) 6... Nf6 7. d3 O-O 8. Bg5 h6 (8... Nd4 9. Nf3 Ne6 10. Bxf6 Bxf6 11. O-O
Bg7 12. b4 axb4 13. axb4 f5 14. Nd2 e4 $13 {Olafsson,H-Ivanchuk,V Reykjavik
Summit 1990 CBM/18}) 9. Bxf6 Qxf6 10. Nf3 Qd8 11. O-O d6 12. b4 axb4 13. axb4
f5 14. b5 Ne7 15. Nd2 Kh8 16. Qc2 h5 17. Ra1 $1 Rxa1 18. Rxa1 c6 19. bxc6 bxc6
20. Ra7 $14 d5 21. cxd5 cxd5 22. Na4 (22. Nb5 $5) 22... e4 23. Qc5 Re8 24. Nb3
f4 $5 25. Ra8 (25. Nb6 $5) (25. gxf4 exd3 26. exd3 Nf5 $44) 25... exd3 26. exd3
Ng8 27. Bf1 (27. Nb6 $5 Re1+ 28. Bf1 Bh3 29. Nd2 $14) 27... fxg3 28. hxg3 Bf8
29. Qb6 Qf6 30. Qxf6+ Nxf6 31. Nb6 Be6 32. Rxe8 Nxe8 33. Nd4 Bg8 34. Nd7 Bg7
35. Nc6 Nc7 36. Bg2 Be6 37. Nb6 Kh7 38. Ne7 d4 39. Be4 Bf7 40. f4 Bf6 41. Nbd5
Nxd5 42. Bxd5 1/2-1/2

[Event "Sao Paulo m"]
[Site "Sao Paulo"]
[Date "2000.08.10"]
[Round "3"]
[White "Mecking, Henrique"]
[Black "Vescovi, Giovanni P"]
[Result "0-1"]
[WhiteElo "2560"]
[BlackElo "2526"]
[Annotator "Ribli,Z"]
[PlyCount "83"]
[EventDate "2000.08.07"]
[EventType "match"]
[EventRounds "6"]
[EventCountry "BRA"]
[SourceTitle "CBM 079"]
[Source "ChessBase"]
[SourceDate "2000.11.21"]
[SourceVersion "1"]
[SourceVersionDate "2000.11.21"]
[SourceQuality "1"]

1. c4 e5 2. Nc3 Nc6 3. g3 g6 4. Bg2 Bg7 5. d3 d6 6. e4 {Weiß schwächt
freiwillig das Feld d4, aber der Ng1 zielt nun nach e2, wo er eine elastische
Stellung einnimmt.} Nge7 7. Nge2 O-O 8. O-O Bg4 (8... f5) (8... Be6) 9. f3 (9.
h3 Bxe2 10. Nxe2 f5 11. exf5 Nxf5 12. Nc3 Rb8 13. Rb1 a6 14. b4 Ncd4 15. a4 c6
16. a5 Qc7 17. Ne4 Rbe8 18. h4 Kh8 19. Bb2 {1-0 Psakhis,L-Tiggelman,R/
Vlissingen NED 2000/The Week in Chess 300 (41)}) 9... Be6 10. Nd5 {[%csl Gd5]
Weiß hat eine starke Springerstellung auf d5. Es scheint nun, als habe er
stärkere Kontrolle über das Feld d5 als Schwarz über das Feld d4.} (10. Be3 Qd7
11. Qd2 Nd4 12. Bxd4 exd4 13. Nb5 Nc6 14. Na3 Bh3 15. Nc2 a5 16. Rf2 Bxg2 17.
Kxg2 h5 {0-1 Popielas,H-Krug,R/Friedrichroda 1997/EXT 99 (57)}) (10. f4 f5 11.
Be3 Qd7 12. Nd5 Nd8 13. Kh1 Nf7 14. Rb1 Nh6 15. b4 Ng4 16. Bg1 Kh8 17. Qd2 a6
18. Nec3 Rad8 19. a4 Nf6 20. Nxf6 Bxf6 21. b5 axb5 22. axb5 b6 23. Ra1 exf4 24.
gxf4 fxe4 25. Bxe4 d5 {0-1 Berkes,F-Kritz,L/Herculane 1994/TD (40)}) 10... Qd7
(10... f5 11. Be3 Qd7 12. Qd2 Rae8 13. Rae1 Nc8 14. b3 Nd8 15. exf5 Bxf5 16. d4
Nf7 17. dxe5 Nxe5 18. Nd4 {1-0 Sunye Neto,J-Kindermann,S/Dubai 1986/TD (40)})
11. Bg5 {Dieser Läuferzug sieht aktiver aus als 11.Be3, aber ich bin mir nicht
sicher, ob der Läufer wirklich gut auf g5 steht.} (11. Be3 Bxd5 12. cxd5 Nd4
13. Nxd4 exd4 14. Bf2 c5 15. dxc6 bxc6 16. Qa4 Rab8 17. Bxd4 Bxd4+ 18. Qxd4 c5
19. Qc3 Nc6 20. f4 {1-0 Demeter,P-Zacka,L/SVK 1998/EXT 2000 (34)}) 11... f5 (
11... f6 12. Be3 f5) 12. Qd2 Rf7 13. Rae1 (13. f4 Raf8 $13 (13... fxe4 14. dxe4
Raf8 $13)) 13... Raf8 14. b3 {Ein für solche Stellungen typischer
Sicherungszug. Weiß verteidigt damit den Pc4.} Nc8 {Ein bekanntes Manöver für
diesen Stellungstypus. Schwarz möchte in der Folge Nd8 oder Nce7 spielen, um
den starken Nd5 mit c7-c6 zu verjagen.} 15. b4 $6 {Auch dieser Plan ist aus
ähnlichen Stellungen bekannt, hier jedoch ist er weniger gefährlich: Weiß
möchte den Nc6 verjagen - doch der wollte ohnehin wegziehen.} (15. f4 fxe4 16.
dxe4 (16. Bxe4 Bh3 $15) 16... exf4 17. gxf4 Bh3 $11) (15. Bh6 $11) 15... N6e7
16. b5 c6 17. bxc6 bxc6 18. Nxe7+ Nxe7 $11 19. f4 $6 {Weiß öffnet die Stellung
- zum Vorteil von Schwarz.} (19. Nc3 $142 $11) 19... fxe4 20. Bxe4 {Weil kein
Bauer mehr auf b3 steht, muss Weiß mit dem Läufer auf e4 nehmen.} Bh3 $15 21.
Bg2 (21. Rf2 d5 $15) 21... Bxg2 22. Kxg2 Nf5 {[%csl Rg5] Der Läufer steht
unsicher auf g5, es droht 23...h6.} 23. fxe5 Bxe5 24. Bf4 (24. d4 Bg7 25. d5 h6
$15) 24... Bg7 25. h4 $6 {Mit diesem Zug schwächt Weiß von selbst seine
Königsstellung.} (25. Be3 $15) (25. Ng1 $15) 25... d5 26. Ng1 $2 {[%mdl 8192]
In den späten sechziger und siebziger Jahren galt Großmeister Henrique Mecking
als die große Schachhoffnung Brasiliens, er war zwei Mal WM-Kandidat, weil er
die Interzonenturniere in Petropolis (1973) und Manila (1976) gewinnen konnte.
Später war er sehr krank und nach einer mehr als 15-jährigen Schachpause ist
er weit von seiner Bestform entfernt. In dieser Partie sind sein 25. und
besonders 26.Zug sehr schwach.} {[#]} Nxh4+ $1 $17 27. gxh4 Qg4+ 28. Bg3 Rxf1
29. Rxf1 Rxf1 30. Kxf1 Qxg3 {Schwarz hat einen satten Mehrbauern, und der Bg7
ist wegen der geschwächten weißen Königsstellung viel stärker als der Ng1 .}
31. Qe2 Qe5 (31... Kf7 $17) 32. Nf3 Qxe2+ 33. Kxe2 {[%mdl 4096]} dxc4 34. dxc4
Bf6 {[%csl Rh4][%cal Gf6h4]} 35. Kd3 Kf7 36. Ke4 Ke7 {[%cal Ge7d6,Gd6c5] Der
Nf3 muss den Ph4 verteidigen, während der schwarze König nach d6 und c5
vorzudringen versucht.} 37. c5 {Dieser Zug ist erzwungen, doch nun steht ein
weiterer weißer Bauer auf einem schwarzen Feld.} Kd7 {[%cal Gd7c7,Gc7b7,Gb7a6,
Ga6b5]} 38. h5 {Auch dieser Zug hilft nichts, Weiß kann dieses Endspiel nicht
mehr retten.} (38. Kd3 Kc7 39. Kc4 h6 {[%cal Gg6g5]}) 38... gxh5 39. Kf5 Ke7
$19 40. Nd2 h4 {[%csl Gh4]} 41. Nf3 (41. Ne4 h3 $19 (41... Bd4 42. Kg4 Ke6 $19)
) 41... Kf7 42. Ng1 (42. Ng1 Bd4 43. Nf3 h3 44. Kg4 Bxc5 45. Kxh3 Ke6 $19) 0-1

[Event "Cali zt"]
[Site "Cali"]
[Date "1990.??.??"]
[Round "4"]
[White "Arencibia Rodriguez, Walter"]
[Black "Zapata, Alonso"]
[Result "1/2-1/2"]
[WhiteElo "2425"]
[BlackElo "2480"]
[Annotator "Ribli,Z"]
[PlyCount "122"]
[EventDate "1990.04.??"]
[EventType "tourn"]
[EventRounds "9"]
[EventCountry "COL"]
[EventCategory "7"]
[SourceTitle "CBM 019"]
[Source "ChessBase"]
[SourceDate "1990.12.01"]
[SourceVersion "1"]
[SourceVersionDate "1990.12.01"]
[SourceQuality "1"]

1. Nf3 Nf6 2. c4 g6 3. g3 Bg7 4. Bg2 d6 5. Nc3 Nc6 6. O-O O-O 7. d3 e5 8. Bg5
$6 {N} h6 9. Bxf6 Bxf6 10. Rb1 Bg7 11. b4 Be6 12. b5 Ne7 13. Nd2 e4 $1 14. Qc2
(14. Ndxe4 f5 $19) 14... exd3 15. Qxd3 $1 Qc8 16. Rfc1 Re8 17. Nb3 Bf5 18. e4
Bh3 19. c5 Bxg2 20. Kxg2 Rd8 21. Qc4 dxc5 22. Nxc5 Rd4 23. Qe2 b6 24. Nb3 Rd7
25. Rc2 Qb7 26. Kg1 Rc8 27. e5 c5 28. Ne4 (28. e6 fxe6 29. Qxe6+ Kh7) 28... Nf5
29. f4 Rcd8 30. Rd2 Rxd2 31. Nbxd2 Rd4 32. Re1 Qd5 33. Nf3 Rd3 34. Qf2 Ra3 35.
g4 Nd4 36. Nxd4 cxd4 37. Qg2 Qxa2 38. Qxa2 Rxa2 39. Rd1 Ra4 40. Kf2 g5 $1 41.
fxg5 hxg5 42. e6 fxe6 43. Nxg5 Ra2+ 44. Kf3 Ra3+ 45. Kf2 e5 46. Rc1 Rc3 47. Ra1
Bh6 48. Ne4 Re3 49. Re1 Rb3 50. g5 Bf8 51. Nf6+ Kf7 52. Rxe5 Rb2+ 53. Kf3 Rxh2
54. Rd5 Bc5 55. Ne4 Ke6 56. g6 $1 Rh8 57. Rg5 Be7 58. Rg4 Rf8+ 59. Ke2 Kf5 60.
Kf3 Ke5+ 61. Ke2 Kf5 {Ribli} 1/2-1/2

[Event "Debrecen"]
[Site "Debrecen"]
[Date "1990.??.??"]
[Round "2"]
[White "Chernin, Alexander"]
[Black "Kindermann, Stefan"]
[Result "1/2-1/2"]
[WhiteElo "2600"]
[BlackElo "2560"]
[Annotator "Ribli,Z"]
[PlyCount "67"]
[EventDate "1990.06.??"]
[EventType "tourn"]
[EventRounds "11"]
[EventCountry "HUN"]
[EventCategory "13"]
[SourceTitle "CBM 020"]
[Source "ChessBase"]
[SourceDate "1991.02.01"]
[SourceVersion "1"]
[SourceVersionDate "1991.02.01"]
[SourceQuality "1"]

1. c4 e5 2. Nc3 Nf6 3. Nf3 Nc6 4. a3 g6 5. g3 Bg7 6. Bg2 O-O 7. O-O d6 8. d3 {
-> A 26} Re8 9. Bg5 (9. Nd2 Bd7 10. b4 Qc8 11. Re1 Bh3 $10 {Filip-van der Berg
Beverwijk 1964}) 9... h6 10. Bxf6 Bxf6 11. Nd2 Bg7 12. Rb1 a5 13. Re1 Ne7 14.
Qc2 c6 15. Na4 h5 16. b4 axb4 17. axb4 h4 18. c5 Nf5 19. e3 Be6 20. Nf3 hxg3
21. hxg3 d5 22. Red1 Qe7 23. Nb6 Ra7 24. Rd2 Bf6 25. Rbd1 Rd8 26. e4 dxe4 27.
dxe4 Rxd2 28. Rxd2 Nd4 29. Nxd4 exd4 30. Bf1 Ra3 31. Rd3 Ra1 32. Rd1 Ra3 33.
Rd3 Ra1 34. Rd1 1/2-1/2

[Event "GER-ch 71st"]
[Site "Altenkirchen"]
[Date "1999.11.15"]
[Round "4"]
[White "Hickl, Joerg"]
[Black "Kindermann, Stefan"]
[Result "1-0"]
[WhiteElo "2552"]
[BlackElo "2527"]
[Annotator "Ribli,Z"]
[PlyCount "143"]
[EventDate "1999.11.12"]
[EventType "swiss"]
[EventRounds "9"]
[EventCountry "GER"]
[SourceTitle "CBM 074"]
[Source "ChessBase"]
[SourceDate "2000.02.01"]
[SourceVersion "1"]
[SourceVersionDate "2000.02.01"]
[SourceQuality "1"]

{[%mdl 8224]} 1. Nf3 Nf6 2. g3 g6 3. Bg2 Bg7 4. O-O O-O 5. c4 d6 6. Nc3 Nc6 7.
d3 {Weiss spielt nicht 7.d4, wonach wir eine Grundstellung der g3-Variante der
Königsindischen Verteidigung bekommen, sondern er wählt die ruhige Englische
Eröffnung.} e5 8. Rb1 a5 {Schwarz wartet nicht auf 9.b4, er möchte mindestens
eine offene Linie bekommen.} 9. a3 Re8 {Es gibt viele andere Möglichkeiten - z.
B. 9...h6 oder 9...Nd4.} 10. Bg5 {Weiss folgt einer einfachen Strategie - er
tauscht den dunkelfarbigen Läufer und spielt gegen den "schlechten" schwarzen
Läufer.} h6 11. Bxf6 Bxf6 12. b4 axb4 13. axb4 {Schwarz hat keine besondere
Schwächen, aber Weiss hat etwas Initiative am Damenflügel mit der
Unterstützung des g2-Läufers.} Bg7 (13... Nd4 $6 14. Nd2 $14 {Gelfand,B-Anand,
V/Linares/1991/CBM22/INF51,32/}) 14. b5 Ne7 (14... Nd4 15. Nxd4 (15. e3 Nxf3+
16. Bxf3 Ra3 17. Rb3 Rxb3 18. Qxb3 Bh3 19. Rd1 Qc8 20. Rd2 Kh7 21. Ra2 Qf5 22.
Qd1 Rb8 23. Ra7 Qc8 24. Nd5 Qd8 25. Nb4 {1-0 Holmqvist,G-Ljungberg,R/SVE-chT
9596 1996/EXT 98 (41)}) 15... exd4 16. Nd5 $14 {[%csl Gd5,Rg7][%cal Gg2b7]} Ra2
{[%csl Re2][%cal Re8e2,Ra2e2]} (16... Ra3 17. Bf3 Bd7 18. Qc1 Ra2 19. Nb4 Ra5
20. Qd2 Qc8 21. Rfe1 Kh7 22. h4 Ra4 23. Qf4 f5 24. Bg2 Qa8 25. Qf3 Qa5 26. Nd5
Ra2 27. Kf1 Bc8 28. Nf4 Re5 29. Rbd1 Qa3 30. Nd5 Qc5 31. Ra1 Rxa1 32. Rxa1 c6
33. bxc6 bxc6 34. Nf4 Bd7 35. h5 $36 {1/2-1/2 Gratka,K-Renet,O/Koszalin 1997/
CBM 59 ext (49)}) 17. Re1 Bg4 (17... Bd7 $5 18. Nb4 Ra7 19. b6 cxb6 20. Nd5 Ra6
21. Nb4 Ra7 $11) 18. Bf3 h5 19. Nb4 {[%cal Rb4a2,Rf3b7]} Ra7 20. Bxg4 hxg4 21.
b6 $1 {1-0 Adianto,U-Sharavdorj,D/Yangon zt 1998/CBM 69/[Ribli] (33)}) 15. Qb3
(15. Qc2 c6 16. Nd2 d5 17. Nb3 (17. bxc6 bxc6 18. Rfc1 Be6 19. Na4 Qd6 20. Nb6
Ra7 (20... Rab8 $5) 21. e4 Rd8 $2 (21... dxe4 22. Nxe4 Qc7 23. Nc5 Nf5 $11) 22.
cxd5 cxd5 23. exd5 Nxd5 24. Bxd5 $1 Bxd5 25. Nc8 {1-0 Vaganian,R-Gallagher,J/
Biel 1994/CBM 43/[Ribli] (66)}) 17... f5 18. bxc6 bxc6 19. cxd5 cxd5 20. Rfc1
Be6 21. Nc5 Bf7 22. Rb7 Ra5 23. Nb5 e4 24. Nc7 {1-0 Mirumian,V-Simacek,P/Czech
Extraleague 1999 (35)}) (15. Nd2 $6 e4 $1 16. Qc2 e3 $1 17. fxe3 Nf5 18. Nd1 h5
$1 {0-1 Vaganian,R-Lautier,J/Manila 1990/CBM 19/ (57)}) 15... c6 16. Nd2 {
[%cal Gg2a8] Das ist der Abweichung von seinem früherem Spiel. GM Hickl
spielte schon 16.Ra1 in dieser Stellung.} (16. Ra1 Be6 17. Rxa8 Qxa8 18. Nd2
Qd8 19. Qb4 d5 20. Nb3 Bf8 21. Qa4 h5 22. Rc1 Bh6 23. Rd1 Rf8 24. Qb4 Bg5 25.
Nc5 {1-0 Hickl,J-Alber,H/Bad Woerishofen 1992/TD (47)}) 16... Be6 17. Rfc1 (17.
Ra1 Rxa1 18. Rxa1 d5 19. bxc6 bxc6 20. Ra6 e4 21. dxe4 dxc4 22. Qc2 Qd4 23.
Ndb1 Rb8 {0-1 Berg,K-Hebden,M/Silkeborg 1983/MCD (41)}) 17... d5 {Schwarz hat
das Läuferpaar und zwei Bauern im Zentrum; Weiss kontrolliert stark den
Damenflügel und hat die Initiative.} 18. Qb4 $146 (18. bxc6 bxc6 19. cxd5 (19.
Qd1 Ra7 20. Na4 f5 21. cxd5 cxd5 22. Nc5 Bf7 23. Rb7 (23. Nb7 Qd7 24. Nc5 Qd6
25. Nb7 $10) 23... Rxb7 24. Nxb7 Qd7 25. Nc5 Qd6 {1/2-1/2 Georgiev,K-Akopian,V/
Tilburg 1993/CBM 39/[Ribli] (41)}) 19... cxd5 20. Nb5 Qa5 21. Qc3 Qxc3 22. Nxc3
Rec8 23. Nb5 Rxc1+ 24. Rxc1 Ra2 25. Rd1 d4 26. Nd6 Nd5 27. Bxd5 Bxd5 28. Kf1
Kf8 29. f3 {1/2-1/2 Bischoff,K-Smejkal,J/Munich 1988/CBM 07 (34)}) 18... dxc4
$6 {Dieser Zug gefällt mir nicht, da Schwarz im folgenden Probleme mit der
Bauernstruktur bekommt.} (18... Nf5 $5 $11) (18... Qa5 19. Qxa5 Rxa5 20. Nb3
Ra3 $11) (18... Qd7 19. Na4 $14 {[%cal Ra4b6,Rb6d7,Rb6a8,Ga4c5]}) 19. bxc6 bxc6
(19... cxd3 $2 20. cxb7 $16) (19... Nxc6 20. Qxb7 $18 {[%cal Rg2a8]}) 20. Nxc4
{[%cal Gg2a8] Weiss hat die bessere Bauernstruktur und starke Türme auf der c-
und d-Linie.} Nd5 21. Nxd5 {Weiss muss die schwarze Bauernstruktur
"verbessern", sondst tauscht Schwarz auf c3 und spielt e4.} (21. Qc5 $6 Nxc3
22. Rxc3 e4 $11 {[%cal Rg7c3]}) 21... cxd5 22. Nb6 {[%csl Gb1,Gb4,Gb6,Gc1,Gg2]
Weiss kontrolliert den Damenflügel mit fünf (!) Figuren.} Rb8 23. Qc5 $14 {
[%csl Gb6,Gc5,Rd5,Gg2]} d4 {[%csl Gb1,Gb6,Gc1,Gc5,Yd5][%cal Gg2a8] Nach diesem
Zug hat Schwarz ewige Probleme mit dem g7B. Die weiße Domination wird fühlbar.}
(23... Bf8 24. Qc6 Ba3 25. Rd1 $14) 24. Nd5 Rxb1 25. Rxb1 Bg4 (25... Bxd5 26.
Bxd5 {[%csl Gd5,Rg7][%cal Rb1b7,Rb7f7]} Re7 $14) (25... Bf8 26. Qc6 $14) 26. h3
$5 {Weiss hat keine Angst von 26...Bxe2.} (26. Kf1 $14) 26... Bf5 (26... Bxe2
27. Qc2 e4 $8 28. Bxe4 (28. dxe4 d3 $11 {[%cal Gg7a1]}) 28... f5 29. Bg2 $14 (
29. Qxe2 fxe4 30. Nf4 $5)) 27. Rb7 {[%csl Gb7,Gc5,Gd5]} Rf8 (27... Be6 28. Nc7
{[%cal Rc7e6,Rc7e8]} Re7 29. Nxe6 Rxe6 30. Bd5 Rf6 31. Qc4 Qe8 32. Qc7 $16 {
[%csl Gb7,Gc7,Gd5,Re8,Rf6,Rg8][%cal Rb7b8,Rb8g8]}) 28. Ne7+ Kh7 29. Kh2 {
Weiss nimmt nicht auf f5 - zuerst wird der h3P mit dem König verteidigt und
der g2-Läufer entlastet.} (29. Nxf5 gxf5 30. Bd5 $14) 29... Be6 30. Be4 {
[%cal Ge4h7]} Re8 {[%cal Rg7f8,Rf8c5]} 31. Qa7 {[%cal Ra7h7,Re7g6] Weiss droht
32.Nxg6 zu spielen.} Qa8 $8 32. Qb6 {[%csl Gb6,Gb7][%cal Ge4a8]} (32. Qxa8 Rxa8
33. Nxg6 fxg6 (33... f5 34. Nf4 exf4 35. Rxg7+ Kxg7 36. Bxa8 fxg3+ 37. Kxg3 $16
) 34. Rxg7+ Kxg7 35. Bxa8 Kf6 $14 {Weiss hat einen Bauern mehr, aber das
Material ist reduziert und Schwarz hat Remischancen.}) (32. Nxg6 $2 Qxa7 33.
Nh4+ f5 $19) 32... Qa2 {[%cal Ga2e6,Ra2e2]} 33. Bf3 h5 34. Qc7 {[%cal Gb7h7]} (
34. h4 $14) 34... h4 35. g4 (35. gxh4 $6 Qd2 $132) 35... Qd2 36. Kg2 Qg5 37.
Ra7 {Weiss hat keine konkreten Drohungen, aber sein positioneller Druck ist
groß.} Kh8 38. Nc6 (38. Bc6 Rf8 39. Bd5 $14) (38. Bd5 $2 Qxe7 $17 {[%cal Re6d5,
Rd5g2]} (38... Rxe7 $2 39. Qd8+ Kh7 40. Bxe6 Bf6 41. Bd7 e4 $36)) 38... Kh7 39.
Ne7 Kh8 40. Nc6 Kh7 41. Qb7 $1 {Nicht 41.Ne7 wegen dreimaliger Stellung.} Qf4
42. Qb5 {[%cal Gb5e8]} Qf6 $2 {Das ist ein großer taktischer Fehler - Schwarz
verliert den Bauern.} (42... Rf8 $14) (42... Rc8 $14) {[#]} 43. Nxe5 $16 {
[%csl Re8][%cal Rb5e8]} Re7 44. Rxe7 Qxe7 45. Nc6 {Die Verwertung des
Materialvorteils ist noch nicht leicht, da Schwarz das Läuferpaar hat und das
Material reduziert ist.} Qf6 46. Qb8 Bd7 47. Na5 {[%cal Ga5c4]} Qg5 48. Qc7 Be6
49. Nc6 Bd5 50. Nd8 {[%csl Rf7]} (50. Bxd5 Qxd5+ 51. Kg1 $16) 50... Kg8 (50...
Bxf3+ 51. exf3 $18 {[%csl Rf7]}) 51. Qd7 Ba2 (51... Bxf3+ 52. Kxf3 Qf6+ 53. Kg2
$16) 52. Nc6 Qf6 53. Bd5 $1 {Auf diese Weise kann Weiss den weißfarbigen
Läufer tauschen. Der andere schwarze Läufer ist weniger wertvoll.} Bxd5+ 54.
Qxd5 Kh7 55. Qe4 Kh8 56. Ne7 {Weiss hat freie Hand - die schwarzen Bauern - d4
und h4 sind schwach.} Kh7 57. Nc6 (57. Nd5 $16) 57... Qd6 58. Na5 {[%cal Ga5c4,
Gc4d2,Gd2f3] Der Springer ist noch weit, aber er zielt auf den h4-Bauern.} Bf6
59. Nc4 Qc5 60. Nd2 Qd6 61. Nf3 {[%csl Rh4][%cal Rg4g5]} Qd8 62. Qf4 {[%csl
Rh4][%cal Rg4g5]} g5 $8 {Nach diesem Zug werden die weißen Punkte schwach,
aber Schwarz hat nichts anderes.} 63. Qf5+ Kg7 64. Nd2 {[%csl Ye4][%cal Gd2e4]}
Be7 65. Ne4 Kg8 66. f4 f6 (66... gxf4 67. Qxf4 {[%csl Rh4] Weiss kann g4-g5
ziehen und den h4-Bauern gewinnen.}) 67. Qg6+ Kf8 68. Qh7 {[%csl Ge4,Gh7]} Qb6
69. Qh6+ Ke8 70. fxg5 $18 {[%cal Rh6b6] Mit zwei Bauern mehr Weiss steht auf
Gewinn.} Qb2 71. gxf6 Qxe2+ 72. Nf2 1-0